000
00269nam a2200109Ia 4500
008
190216s9999||||xx |||||||||||||| ||und||
100
_a
Krishnan Nair P
245
0
_a
Malayalam-Kavya Jeevithavritha
260
_b
University Of Madras
650
_a
Malayalam
942
_c
BK
999
_c
25017
_d
25017